000 04860cas a22009131 4500
999 _c17690
_d17690
001 0000009420
003 OSt
005 20190524095703.0
008 081021c xxur p 0 0eng d
022 _a0422-1419
040 _aKABU
_cKABU
050 _aKQC117
_b.E27 2011 v.1 c.1
245 0 4 _aThe East Africa law reports.
260 _aNairobi :
_bLawAfrica Publishing.,
_c2011.
300 _av.
310 _aTwo no. a year,
_b1999-2005
321 _aFour issues a year,
_b1969-1972
321 _aThree issues a year,
_b1973-1974
440 _x16844874
500 _aIssues for 1957-1975 consist of cases from the Court of Appeal for East Africa, the Superior Courts of the Constuent Territories [Aden, Seychelles, Somaliland] and the Privy Council on appeal from the above courts; 1999-2001 consists of cases from the High Court and others from East African courts, and Court of Justice for the Common Market for Eastern and Southern Africa; 2002 - consists of cases from Courts of Appeal and High Courts of Kenya, Tanzania and Uganda.
650 0 _aLaw reports, digests, etc
_xPeriodicals.
_zAfrica, East.
650 0 _aPeriodicals
_vDirectories.
710 2 _aCourt of Appeal for Eastern Africa.
710 2 _aKenya.
_bHigh Court.
710 2 _aTanzania.
_bHigh Court.
710 2 _aUganda.
_bHigh Court.
908 _a081021
942 _2lcc
_cREF
_hKQC117
_i.E27 2011 v.1 c.1
_kREF